[Event "Madrid-ch sf-A"]
[Site "Madrid"]
[Date "2010.01.18"]
[Round "4"]
[White "Coleto Calderon, Jose Antonio"]
[Black "Rodriguez de Castro, Ayar"]
[Result "1/2-1/2"]
[WhiteElo "2114"]
[BlackElo "2113"]
[PlyCount "66"]
[EventDate "2010.01.11"]
[EventType "swiss"]
[EventRounds "9"]
[EventCountry "ESP"]
[SourceTitle "CBM 134 Extra"]
[Source "ChessBase"]
[SourceDate "2010.03.03"]
[SourceVersion "1"]
[SourceVersionDate "2010.03.03"]
[SourceQuality "1"]

1. e4 e6 2. d4 d5 3. Nc3 Nf6 4. Bg5 Bb4 5. e5 h6 6. Bd2 Bxc3 7. Bxc3 Ne4 8. Bb4 c5 9. Bxc5 Nxc5 10. dxc5 Nd7 11. Nf3 Qa5+ 12. c3 Qxc5 13. Qd4 b6 14. Bd3 a5 15. 0-0 Ba6 16. Bxa6 Rxa6 17. Qg4 0-0 18. Rfe1 Qc7 19. Rad1 b5 20. Re3 Rb6 21. Nd4 b4 22. f4 Kh7 23. Rg3 Rg8 24. Nf3 g6 25. Rh3 Kg7 26. Nd4 bxc3 27. bxc3 Qd8 28. Re1 Kh7 29. Nf3 Kg7 30. Nd4 Kh7 31. Nf3 Kg7 32. Nd4 Kh7 33. Nf3 Kg7 1/2-1/2

[Event "Madrid-chT Honor"]
[Site "Madrid"]
[Date "2010.01.17"]
[Round "6"]
[White "Rodriguez de Castro, Ayar"]
[Black "Fernandez Garcia, Miguel Angel"]
[Result "0-1"]
[WhiteElo "2113"]
[BlackElo "2254"]
[PlyCount "98"]
[EventDate "2009.11.22"]
[EventType "team-tourn"]
[EventRounds "13"]
[EventCountry "ESP"]
[SourceTitle "EXT 2011"]
[Source "ChessBase"]
[SourceDate "2010.11.26"]
[SourceVersion "1"]
[SourceVersionDate "2010.11.26"]
[SourceQuality "1"]

1. d4 d5 2. c4 c6 3. e3 Nf6 4. Be2 g6 5. Nc3 Bg7 6. Nf3 0-0 7. 0-0 Bg4 8. Qb3 b6 9. cxd5 cxd5 10. h3 Bxf3 11. Bxf3 e6 12. Qb5 a6 13. Qe2 Nc6 14. Rd1 Qd7 15. b3 Rac8 16. Na4 Qa7 17. Ba3 Rfd8 18. Rac1 Nd7 19. Rc2 b5 20. Nc5 b4 21. Bb2 Nxc5 22. Rxc5 Ne5 23. Rdc1 Nxf3+ 24. Qxf3 Rxc5 25. Rxc5 Bf8 26. Rc2 a5 27. Qd1 a4 28. Rc6 axb3 29. Qxb3 Qb7 30. Qc2 Ra8 31. g3 Rxa2 32. Rc8 Kg7 33. Rc5 Bxc5 34. dxc5+ Kg8 35. Qb1 Ra5 36. Qd1 Qe7 37. Qd4 f6 38. c6 Rc5 39. Qh4 e5 40. f4 exf4 41. Qxf4 Rxc6 42. g4 Qd6 43. Qf2 Qc7 44. Qf3 Rc2 45. Qxd5+ Kg7 46. Bxf6+ Kxf6 47. Qd4+ Kg5 48. Qd5+ Kh4 49. Qf3 Qh2+ 0-1

[Event "Madrid-ch sf-A"]
[Site "Madrid"]
[Date "2010.01.13"]
[Round "3"]
[White "Rodriguez de Castro, Ayar"]
[Black "Ballesteros Gonzalez, David"]
[Result "0-1"]
[WhiteElo "2113"]
[BlackElo "2227"]
[PlyCount "112"]
[EventDate "2010.01.11"]
[EventType "swiss"]
[EventRounds "9"]
[EventCountry "ESP"]
[SourceTitle "CBM 134 Extra"]
[Source "ChessBase"]
[SourceDate "2010.03.03"]
[SourceVersion "1"]
[SourceVersionDate "2010.03.03"]
[SourceQuality "1"]

1. d4 Nf6 2. c4 g6 3. g3 Bg7 4. Bg2 0-0 5. Nf3 d6 6. 0-0 Nc6 7. Nc3 Nd7 8. Bg5 h6 9. Bc1 Nb6 10. b3 Bg4 11. Be3 g5 12. Rc1 f5 13. d5 Bxf3 14. exf3 Nb8 15. f4 g4 16. h3 h5 17. Bd4 N6d7 18. Nb5 Nf6 19. Re1 c5 20. dxc6 Nxc6 21. Rc2 a6 22. Nc3 gxh3 23. Bxf6 Bxf6 24. Bd5+ Kg7 25. Qxh5 Nd4 26. Rd2 h2+ 27. Kg2 e6 28. Rxd4 Rh8 29. Qd1 exd5 30. Nxd5 Bxd4 31. Qxd4+ Kf7 32. Rh1 Rh6 33. Qd3 Qd7 34. Rxh2 Rxh2+ 35. Kxh2 Rh8+ 36. Kg2 Qe6 37. Nc7 Qd7 38. Nd5 Rh5 39. Qe2 Rh6 40. Ne3 Qe6 41. Qf3 b5 42. Qb7+ Kg6 43. Qd5 Qxd5+ 44. Nxd5 bxc4 45. bxc4 Rh7 46. a4 Rb7 47. a5 Kf7 48. Kh3 Rb3 49. Nc7 Ra3 50. Nxa6 Rxa5 51. Nc7 Rc5 52. Nb5 d5 53. Nd4 dxc4 54. f3 c3 55. Nc2 Rd5 56. g4 Rd2 0-1

[Event "Collado Villalba op-A 26th"]
[Site "Collado Villalba"]
[Date "2009.08.28"]
[Round "8"]
[White "Rodriguez de Castro, Ayar"]
[Black "Ramirez Garcia, Jorge Alberto"]
[Result "0-1"]
[WhiteElo "2084"]
[BlackElo "2203"]
[PlyCount "64"]
[EventDate "2009.08.21"]
[EventType "swiss"]
[EventRounds "9"]
[EventCountry "ESP"]
[SourceTitle "CBM 132 Extra"]
[Source "ChessBase"]
[SourceDate "2009.11.03"]
[SourceVersion "1"]
[SourceVersionDate "2009.11.03"]
[SourceQuality "1"]

1. d4 Nf6 2. c4 g6 3. g3 Bg7 4. Bg2 0-0 5. Nc3 d6 6. Nf3 c6 7. 0-0 a6 8. e4 b5 9. e5 Ne8 10. b3 Bg4 11. Bf4 h6 12. Qc2 bxc4 13. bxc4 Bxf3 14. Bxf3 g5 15. Be3 dxe5 16. dxe5 Bxe5 17. Rad1 Qa5 18. Bd4 Bg7 19. Bxg7 Nxg7 20. Rfe1 Ra7 21. Kg2 f5 22. g4 e5 23. Rd6 Raf7 24. Rxh6 e4 25. Bxe4 fxe4 26. Qxe4 Rxf2+ 27. Kg1 R8f6 28. Qb1 Rxh6 29. Kxf2 Rf6+ 30. Kg2 Qxc3 31. Qxb8+ Rf8 32. Qe5 Qf3+ 0-1

[Event "Collado Villalba op-A 26th"]
[Site "Collado Villalba"]
[Date "2009.08.27"]
[Round "7"]
[White "Jimenez Gonzalez, Marcos"]
[Black "Rodriguez de Castro, Ayar"]
[Result "0-1"]
[WhiteElo "1897"]
[BlackElo "2084"]
[PlyCount "84"]
[EventDate "2009.08.21"]
[EventType "swiss"]
[EventRounds "9"]
[EventCountry "ESP"]
[SourceTitle "CBM 132 Extra"]
[Source "ChessBase"]
[SourceDate "2009.11.03"]
[SourceVersion "1"]
[SourceVersionDate "2009.11.03"]
[SourceQuality "1"]

1. c4 Nf6 2. Nf3 e6 3. g3 d5 4. Bg2 Nbd7 5. 0-0 Nb6 6. b3 c6 7. d3 Bd6 8. Qc2 Qe7 9. Bb2 e5 10. c5 Bxc5 11. Nxe5 0-0 12. Nd2 Ng4 13. Nxg4 Bxg4 14. Nf3 Nd7 15. h3 Bh5 16. a3 Rfe8 17. e3 Rad8 18. b4 Bd6 19. Qc3 f6 20. g4 Bg6 21. Rae1 Ne5 22. Nxe5 Bxe5 23. d4 Bb8 24. f4 Be4 25. Qd2 Qf7 26. Bf3 Bxf3 27. Rxf3 Re4 28. Qf2 Rde8 29. Bc3 Bd6 30. f5 Qe7 31. Bd2 Qc7 32. Kh1 a5 33. g5 fxg5 34. f6 Rf8 35. Rf1 gxf6 36. Rxf6 Rxf6 37. Qxf6 Qe7 38. Qh6 Rh4 39. Qf6 Rxh3+ 40. Kg1 Rg3+ 41. Kh1 Qe4+ 42. Rf3 Qh4# 0-1

[Event "Madrid Low cost Cup"]
[Site "Madrid"]
[Date "2009.08.13"]
[Round "8"]
[White "Ventas Cosano, David"]
[Black "Rodriguez de Castro, Ayar"]
[Result "0-1"]
[WhiteElo "2148"]
[BlackElo "2084"]
[PlyCount "90"]
[EventDate "2009.08.03"]
[EventType "swiss"]
[EventRounds "8"]
[EventCountry "ESP"]
[SourceTitle "CBM 131 Extra"]
[Source "ChessBase"]
[SourceDate "2009.09.03"]
[SourceVersion "2"]
[SourceVersionDate "2009.09.16"]
[SourceQuality "1"]

1. Nf3 Nf6 2. g3 d5 3. Bg2 c6 4. 0-0 Nbd7 5. d4 g6 6. c3 Bg7 7. Nbd2 0-0 8. e4 dxe4 9. Ng5 Nb6 10. Ndxe4 Nbd5 11. Nxf6+ Nxf6 12. Re1 h6 13. Ne4 Nxe4 14. Bxe4 Qb6 15. Qc2 Bh3 16. Be3 Qc7 17. Bf4 Qd7 18. Rad1 e6 19. Qb3 Bg4 20. f3 Bf5 21. Bxf5 exf5 22. Be5 Rad8 23. Bxg7 Kxg7 24. Re5 Rfe8 25. Rde1 b6 26. Qc4 Rxe5 27. Rxe5 Re8 28. Rxe8 Qxe8 29. Kf2 Qe6 30. Qa6 f4 31. gxf4 Qh3 32. b4 Qxh2+ 33. Ke3 Qg1+ 34. Ke2 Qg2+ 35. Ke3 Qc2 36. Qc4 Qc1+ 37. Ke2 Qc2+ 38. Ke3 h5 39. Qxc6 h4 40. Qc8 Qc1+ 41. Ke4 Qe1+ 42. Kd3 Qf1+ 43. Ke3 h3 44. Qc7 Qe1+ 45. Kd3 h2 0-1

[Event "Galapagar op 10th"]
[Site "Galapagar"]
[Date "2009.07.19"]
[Round "2"]
[White "Rodriguez de Castro, Ayar"]
[Black "Santos Garay Cordovil, Salvador"]
[Result "1-0"]
[WhiteElo "2084"]
[BlackElo "2003"]
[PlyCount "53"]
[EventDate "2009.07.18"]
[EventType "swiss"]
[EventRounds "9"]
[EventCountry "ESP"]
[SourceTitle "EXT 2010"]
[Source "ChessBase"]
[SourceDate "2010.11.25"]
[SourceVersion "1"]
[SourceVersionDate "2010.11.25"]
[SourceQuality "1"]

1. d4 d5 2. c4 e5 3. e3 exd4 4. exd4 Nf6 5. Nf3 Bg4 6. Be2 Bd6 7. 0-0 h6 8. Qb3 0-0 9. c5 Be7 10. Qxb7 Nbd7 11. Nc3 Re8 12. h3 Bh5 13. Bf4 Qb8 14. Qb3 Qc8 15. Rfc1 Rb8 16. Qc2 Bg6 17. Qd2 Nf8 18. Ne5 Ne6 19. Bg3 Ng5 20. Nxg6 fxg6 21. Bd3 Qd7 22. Bxg6 Rf8 23. f3 Nfh7 24. f4 Ne6 25. Qe3 Rf6 26. Bxh7+ Kxh7 27. f5 1-0